Statistics for How Many Times Can You Type QWERTY in 15 Seconds

Click here to take the quiz!

General Stats

  • This quiz has been taken 161 times
  • The average score is 10 of 75

Answer Stats

Answer% Correct
qwerty
97%
qwerty
92%
qwerty
91%
qwerty
86%
qwerty
86%
qwerty
77%
qwerty
66%
qwerty
58%
qwerty
43%
qwerty
38%
qwerty
35%
qwerty
25%
qwerty
17%
qwerty
15%
qwerty
12%
qwerty
9%
qwerty
8%
qwerty
8%
qwerty
8%
qwerty
6%
qwerty
6%
qwerty
6%
qwerty
6%
qwerty
6%
qwerty
6%
qwerty
6%
qwerty
5%
qwerty
5%
qwerty
5%
qwerty
5%
qwerty
5%
qwerty
5%
qwerty
5%
qwerty
5%
qwerty
5%
qwerty
5%
qwerty
5%
qwerty
5%
qwerty
5%
qwerty
3%
qwerty
3%
qwerty
3%
qwerty
3%
qwerty
3%
qwerty
3%
qwerty
3%
qwerty
3%
qwerty
2%
qwerty
2%
qwerty
2%
qwerty
2%
qwerty
2%
qwerty
2%
qwerty
2%
qwerty
2%
qwerty
2%
qwerty
2%
qwerty
2%
qwerty
2%
qwerty
2%
qwerty
2%
qwerty
2%
qwerty
2%
qwerty
2%
qwerty
2%
qwerty
2%
qwerty
2%
qwerty
2%
qwerty
2%
qwerty
2%
qwerty
2%
qwerty
2%
qwerty
2%
qwerty
2%
qwerty
2%

Score Distribution

Percentile by Number Answered

Percent of People with Each Score

Your Score History

You have not taken this quiz